Business Studies. (Record no. 1707)
[ view plain ]
| 005 - DATE AND TIME OF LATEST TRANSACTION | |
|---|---|
| control field | 20250428122633.0 |
| 020 ## - INTERNATIONAL STANDARD BOOK NUMBER | |
| International Standard Book Number | 0 435 45011 5 |
| 082 ## - DEWEY DECIMAL CLASSIFICATION NUMBER | |
| Classification number | 658 BON |
| 100 ## - MAIN ENTRY--PERSONAL NAME | |
| Author name | BOND, P. |
| 245 ## - TITLE STATEMENT | |
| Title | Business Studies. |
| 260 ## - PUBLICATION, DISTRIBUTION, ETC. | |
| Place of publication, distribution, etc. | London, |
| Name of publisher, distributor, etc. | Heinemann Educational, |
| Date of publication, distribution, etc. | 1998. |
| 300 ## - PHYSICAL DESCRIPTION | |
| Extent | 313p.: ill.; picture |
| Other physical details | Index |
| Dimensions | 27cm |
| 700 ## - ADDED ENTRY--PERSONAL NAME | |
| Other authors/Editors | MARTIN, J. |
| 942 ## - ADDED ENTRY ELEMENTS (KOHA) | |
| Source of classification or shelving scheme | Dewey Decimal Classification |
| Koha item type | Books |
| Date last seen | Total checkouts | Full call number | Barcode | Cost, replacement price | Price effective from | Koha item type | Lost status | Source of classification or shelving scheme | Damaged status | Not for loan | Withdrawn status | Home library | Current library | Shelving location | Date acquired | Cost, normal purchase price |
|---|---|---|---|---|---|---|---|---|---|---|---|---|---|---|---|---|
| 06/27/2025 | 658 BON | DOM0002046 | 30000.00 | 06/27/2025 | Books | Dewey Decimal Classification | CBE Dodoma | CBE Dodoma | General Collection | 06/27/2025 | 10000.00 | |||||
| 04/28/2025 | 658 BON | 0000006411 | 30000.00 | 04/28/2025 | Books | Dewey Decimal Classification | College of Business Education Main Library | College of Business Education Main Library | General Collection | 04/28/2025 | 10000.00 | |||||
| 04/28/2025 | 658 BON | 0000006412 | 30000.00 | 04/28/2025 | Books | Dewey Decimal Classification | College of Business Education Main Library | College of Business Education Main Library | General Collection | 04/28/2025 | 10000.00 | |||||
| 04/28/2025 | 658 BON | 0000006413 | 30000.00 | 04/28/2025 | Books | Dewey Decimal Classification | College of Business Education Main Library | College of Business Education Main Library | General Collection | 04/28/2025 | 10000.00 |
